000 00543nam a22001577a 4500
003 Macl
005 20241018135628.0
008 241018b |||||||| |||| 00| 0 eng d
040 _cMacl
082 _22nd
_a330
100 _aसिन्‍हा,रविशंकर
_982504
245 _aNCERT नोट्स भारतीय अर्थव्यवस्था
260 _aनई दिल्ली
_bअरिहंत
_c2024
650 _aभारतीय अर्थव्यवस्था
_982505
942 _2ddc
_cC. BOOKS
999 _c67029
_d67029